Introductory mathematics for economics and business (Record no. 7407)
[ view plain ]
| 000 -LEADER | |
|---|---|
| fixed length control field | 00520 a2200169 4500 |
| 020 ## - INTERNATIONAL STANDARD BOOK NUMBER | |
| International Standard Book Number | 0-333-57650-0 |
| 040 ## - CATALOGING SOURCE | |
| Original cataloging agency | DLC |
| Language of cataloging | DLC |
| 082 ## - DEWEY DECIMAL CLASSIFICATION NUMBER | |
| Classification number | 512.024339 |
| 100 1# - MAIN ENTRY--PERSONAL NAME | |
| Personal name | Holden, Kenneth |
| 245 00 - TITLE STATEMENT | |
| Title | Introductory mathematics for economics and business |
| Statement of responsibility, etc. | K. Holden and A.W. Pearson |
| 250 ## - EDITION STATEMENT | |
| Edition statement | 2.ed. |
| 260 ## - PUBLICATION, DISTRIBUTION, ETC. | |
| Place of publication, distribution, etc. | Basingstoke : |
| Name of publisher, distributor, etc. | Macmillan, |
| Date of publication, distribution, etc. | 1992 |
| 300 ## - PHYSICAL DESCRIPTION | |
| Extent | xii, 511 s. : |
| Other physical details | diagr., tab. |
| 500 ## - GENERAL NOTE | |
| General note | Previous title: Introductory mathematics for economists |
| 700 1# - ADDED ENTRY--PERSONAL NAME | |
| Personal name | Pearson, A. W. |
| 942 ## - ADDED ENTRY ELEMENTS (KOHA) | |
| Koha item type | Book |
| Call number prefix | 512.024339 HOL |
| Source of classification or shelving scheme | |
| Withdrawn status | Lost status | Damaged status | Not for loan | Collection code | Permanent Location | Current Location | Shelving location | Date acquired | Source of acquisition | Cost, normal purchase price | Total Checkouts | Full call number | Barcode | Date last seen | Price effective from | Koha item type | Date last checked out | Total Renewals |
|---|---|---|---|---|---|---|---|---|---|---|---|---|---|---|---|---|---|---|
| Central Library (CL) | Central Library (CL) | General Stacks | 12/05/2007 | Donation | 0.00 | 512.024339 HOL | SEECS004974 | 11/14/2012 | 01/05/2017 | Book | ||||||||
| Central Library (CL) | Central Library (CL) | General Stacks | 12/05/2007 | Donation | 0.00 | 512.024339 HOL | SEECS004972 | 11/16/2022 | 01/05/2017 | Book | ||||||||
| Central Library (CL) | Central Library (CL) | General Stacks | 12/05/2007 | Donation | 0.00 | 5 | 512.024339 HOL | SEECS004973 | 02/04/2023 | 01/05/2017 | Book | 12/11/2022 | ||||||
| Central Library (CL) | Central Library (CL) | General Stacks | 12/13/2006 | Donation | 0.00 | 2 | 512.024339 HOL | SEECS007840 | 11/24/2022 | 01/05/2017 | Book | 10/04/2018 | 1 |
